The history of stainless steel (Record no. 243947)
[ view plain ]
| 000 -LEADER | |
|---|---|
| fixed length control field | 01359nam a2200361 a 4500 |
| 082 04 - DEWEY DECIMAL CLASSIFICATION NUMBER | |
| Classification number | 620.17 |
| 100 1# - MAIN ENTRY--AUTHOR NAME | |
| Personal name | Cobb, Harold M. |
| 245 14 - TITLE STATEMENT | |
| Title | The history of stainless steel |
| 260 ## - PUBLICATION, DISTRIBUTION, ETC. (IMPRINT) | |
| Place of publication | Materials Park, Ohio : |
| Name of publisher | ASM International, |
| Year of publication | c2010. |
| 300 ## - PHYSICAL DESCRIPTION | |
| Number of Pages | xxiv, 359 p. : |
| Other physical details | ill. (some col.), ports. |
| 650 #0 - SUBJECT ADDED ENTRY--TOPICAL TERM | |
| Topical Term | Stainless steel |
| Topical Term | Stainless steel industry |
| 856 40 - ELECTRONIC LOCATION AND ACCESS | |
| Uniform Resource Identifier | http://site.ebrary.com/lib/rucke/Doc?id=10439477 |
No items available.
